Indian Cities by Skylines - Statistics

General Stats
  • This quiz has been taken 33 times
  • The average score is 6 of 15
Answer Stats
Picture Answer % Correct
Mumbai
100%
Delhi
85%
Jaipur
73%
Kolkata
58%
Bengaluru
50%
Hyderabad
50%
Chennai
46%
Ahmedabad
31%
Surat
19%
Kochi
15%
Indore
12%
Lucknow
12%
Guwahati
4%
Shillong
4%
Visakhapatnam
4%
No matching quizzes found
Score Distribution
Percent of People with Each Score
Percentile by Number Answered
Your Score History
You have not taken this quiz